[Event "FRA-chT2 0910"]
[Site "France"]
[Date "2009.10.18"]
[Round "3.6"]
[White "Galloux, Maxime"]
[Black "Guennoun, Anthony"]
[Result "0-1"]
[WhiteElo "2019"]
[BlackElo "2139"]
[PlyCount "70"]
[EventDate "2009.09.27"]
[EventType "team"]
[EventRounds "11"]
[EventCountry "FRA"]
[Source "ChessBase"]
[SourceDate "2010.03.11"]

1. e4 c5 2. Nf3 Nc6 3. d4 cxd4 4. Nxd4 Nf6 5. Nc3 e5 6. Ndb5 d6 7. Bg5 a6 8.
Na3 b5 9. Bxf6 gxf6 10. Nd5 f5 11. Bd3 Be6 12. O-O Bg7 13. Qh5 f4 14. c4 b4 15.
Nc2 Rb8 16. b3 a5 17. g3 Ne7 18. Rad1 Ng6 19. Be2 O-O 20. Bg4 Qd7 21. Bf5 Rfd8
22. gxf4 Bxf5 23. exf5 Nxf4 24. Nxf4 exf4 25. Qg5 Kh8 26. f6 Bh6 27. Qh4 Rg8+
28. Kh1 Bg5 29. Qh5 Bxf6 30. Rd5 Qe6 31. Qf5 Qe2 32. Qd3 Qg4 33. Ne1 Rbe8 34.
f3 Qh3 35. Rf5 Rxe1 0-1

[Event "FRA-chT2 0910"]
[Site "France"]
[Date "2009.10.18"]
[Round "3.6"]
[White "Hoffmann, Regis"]
[Black "Iverieli, Luca"]
[Result "1-0"]
[WhiteElo "2108"]
[BlackElo "2138"]
[PlyCount "123"]
[EventDate "2009.09.27"]
[EventType "team"]
[EventRounds "11"]
[EventCountry "FRA"]
[Source "ChessBase"]
[SourceDate "2010.03.11"]

1. d4 Nf6 2. Bg5 g6 3. Bxf6 exf6 4. e3 Bg7 5. Ne2 b6 6. c4 O-O 7. Nbc3 a5 8.
Nf4 Bb7 9. h4 Bh6 10. Qg4 Bxf4 11. Qxf4 d6 12. Bd3 Nd7 13. O-O-O Re8 14. Rh2
Nf8 15. g4 d5 16. g5 f5 17. Rg1 dxc4 18. Bxc4 Qd6 19. Qxd6 cxd6 20. Bd5 Re7 21.
h5 Kh8 22. Bxb7 Rxb7 23. Nd5 b5 24. Kd2 b4 25. Rc1 Rd8 26. f4 Ne6 27. Kd3 Kg7
28. h6+ Kh8 29. b3 Rb5 30. Nf6 a4 31. Rhc2 axb3 32. axb3 Rbb8 33. Rc6 Ra8 34.
Rb6 Ra2 35. Rxb4 Nc5+ 36. Kc4 Na6 37. Rb7 Rc8+ 38. Kb5 Rxc1 39. Rxf7 Nc7+ 40.
Kb6 Na8+ 41. Kb7 Rc7+ 42. Rxc7 Nxc7 43. Kxc7 Rb2 44. Kxd6 Rxb3 45. Nd5 Kg8 46.
Nf6+ Kh8 47. e4 Rb6+ 48. Ke5 fxe4 49. Nxe4 Rb8 50. Nf6 Rb4 51. Ne4 Kg8 52. d5
Rb5 53. Ke6 Rb4 54. Nf6+ Kh8 55. d6 Rb6 56. Nd5 Rb8 57. d7 Rf8 58. Kd6 Ra8 59.
Nb6 Rf8 60. Kc7 Rf7 61. Kc8 Rf8+ 62. d8=Q 1-0

[Event "FRA-chT2 0910"]
[Site "France"]
[Date "2009.10.18"]
[Round "3.6"]
[White "Konopka, Jeremiasz"]
[Black "Cheymol, Eric"]
[Result "0-1"]
[WhiteElo "2009"]
[BlackElo "2185"]
[PlyCount "118"]
[EventDate "2009.09.27"]
[EventType "team"]
[EventRounds "11"]
[EventCountry "FRA"]
[Source "ChessBase"]
[SourceDate "2010.03.11"]

1. e4 e5 2. Nf3 Nf6 3. Nxe5 d6 4. Nf3 Nxe4 5. Nc3 Nf6 6. d4 Be7 7. Bd3 Bg4 8.
h3 Bh5 9. O-O Nc6 10. Be3 a6 11. g4 Bg6 12. Nh2 Nb4 13. a3 Bxd3 14. cxd3 Nbd5
15. Nxd5 Nxd5 16. Qb3 Nb6 17. f4 c6 18. Bd2 a5 19. Rae1 O-O 20. a4 Bf6 21. Bc3
Qc7 22. g5 Bd8 23. Ng4 Nd5 24. Qc2 Qd7 25. Qg2 Qf5 26. Ne3 Qxd3 27. Nxd5 cxd5
28. Qxd5 Qxh3 29. Qxb7 Rc8 30. Qf3 Qf5 31. Re2 Bb6 32. Qb7 Qd3 33. Qe4 Qxe4 34.
Rxe4 Rc4 35. f5 d5 36. Rh4 Rxa4 37. f6 Re8 38. Kf2 Re5 39. Rfh1 Rxg5 40. Rxh7
gxf6 41. Rh8+ Kg7 42. Kf3 Rc4 43. Bd2 Bxd4 44. Bxg5 fxg5 45. R8h5 Kg6 46. Rh6+
Kf5 47. Rf1 f6 48. Ke2+ Ke4 49. b3 Rc2+ 50. Kd1 Rb2 51. Re1+ Kf5 52. Rf1+ Kg4
53. Kc1 Rxb3 54. Kc2 a4 55. Rd1 Rb2+ 56. Kd3 Be5 57. Rhh1 a3 58. Rhg1+ Kf5 59.
Rgf1+ Ke6 0-1

[Event "FRA-chT2 0910"]
[Site "France"]
[Date "2009.10.18"]
[Round "3.6"]
[White "Mania, Clement"]
[Black "Armas, Lara Maria"]
[Result "1-0"]
[WhiteElo "2066"]
[BlackElo "1990"]
[PlyCount "121"]
[EventDate "2009.09.27"]
[EventType "team"]
[EventRounds "11"]
[EventCountry "FRA"]
[Source "ChessBase"]
[SourceDate "2010.03.11"]

1. f4 d5 2. Nf3 c5 3. g3 Nc6 4. Bg2 Nf6 5. O-O e6 6. d3 Be7 7. Qe1 d4 8. c4 O-O
9. Na3 Rb8 10. Bd2 a6 11. Rc1 b6 12. Nc2 Bb7 13. h3 Ba8 14. b4 Na7 15. Qf2 Qd6
16. Rb1 Nd7 17. Rb3 Bc6 18. Ra3 Bb7 19. Rb1 f6 20. Rab3 Ba8 21. Nh4 Bxg2 22.
Qxg2 Qc6 23. Ra3 Qc8 24. Qe4 e5 25. Nf5 Re8 26. Qd5+ Kh8 27. Nxe7 Rxe7 28. Qd6
Rf7 29. bxc5 Qxc5 30. Bb4 Qc8 31. Qe6 Kg8 32. Bd6 Ra8 33. fxe5 Nxe5 34. Qxc8+
Nxc8 35. Bxe5 fxe5 36. Nb4 Rfa7 37. Nd5 Rb8 38. Rab3 Rab7 39. a4 Kf7 40. Kf2
Ke6 41. e3 Kd6 42. exd4 exd4 43. Nb4 Ra8 44. Re1 Rf7+ 45. Kg2 Re7 46. Rbb1 Raa7
47. Kf3 Kc5 48. Nd5 Rxe1 49. Rxe1 b5 50. Re5 Kd6 51. Re8 bxc4 52. dxc4 Rf7+ 53.
Ke4 Kd7 54. Re5 Nd6+ 55. Kxd4 Nf5+ 56. Kc5 Nxg3 57. Kb6 Nf5 58. c5 Nd4 59. Nb4
Rf6+ 60. c6+ Kc8 61. Re8# 1-0

[Event "FRA-chT2 0910"]
[Site "France"]
[Date "2009.10.18"]
[Round "3.6"]
[White "Marchadour, Emilie"]
[Black "Le Montagner, Yoann"]
[Result "1/2-1/2"]
[WhiteElo "2063"]
[BlackElo "2017"]
[PlyCount "107"]
[EventDate "2009.09.27"]
[EventType "team"]
[EventRounds "11"]
[EventCountry "FRA"]
[Source "ChessBase"]
[SourceDate "2010.03.11"]

1. e4 c5 2. Nf3 d6 3. d4 cxd4 4. Nxd4 Nf6 5. Nc3 g6 6. Be2 Bg7 7. O-O O-O 8.
Be3 a6 9. Kh1 Qc7 10. f4 Nc6 11. Nb3 b5 12. Nd5 Nxd5 13. exd5 Na5 14. Nxa5 Qxa5
15. Bd4 Qb4 16. Bxg7 Kxg7 17. Qc1 Bb7 18. Bf3 Rac8 19. c3 Qc5 20. Qd2 e5 21.
dxe6 Bxf3 22. Rxf3 fxe6 23. Rd1 Rc6 24. Qe1 e5 25. fxe5 Rxf3 26. gxf3 Qxe5 27.
Qxe5+ dxe5 28. Rd7+ Kf6 29. Rxh7 Rd6 30. Ra7 Kf5 31. Kg2 Rd2+ 32. Kg3 Rxb2 33.
Rxa6 Rc2 34. Rb6 Rxc3 35. Rxb5 Ra3 36. Rb2 e4 37. Rb5+ Kf6 38. Rb3 Rxa2 39.
fxe4 Ke5 40. Re3 Rb2 41. h4 Ra2 42. Kg4 Rb2 43. Kf3 Rh2 44. Kg3 Ra2 45. Re1 Rb2
46. Kf3 Rh2 47. Kg3 Rb2 48. Kh3 Ra2 49. Rg1 Kxe4 50. Rxg6 Kf5 51. Rg5+ Kf6 52.
Rg4 Kf5 53. Rg3 Ra1 54. Rg2 1/2-1/2

[Event "FRA-chT2 0910"]
[Site "France"]
[Date "2009.10.18"]
[Round "3.6"]
[White "Murie, Eric"]
[Black "Restout, Bruce"]
[Result "1-0"]
[WhiteElo "2083"]
[BlackElo "2054"]
[PlyCount "65"]
[EventDate "2009.09.27"]
[EventType "team"]
[EventRounds "11"]
[EventCountry "FRA"]
[Source "ChessBase"]
[SourceDate "2010.03.11"]

1. e4 c5 2. c3 d5 3. exd5 Qxd5 4. d4 Nc6 5. Nf3 cxd4 6. Nxd4 Bd7 7. Be3 Nf6 8.
Qb3 Qxb3 9. axb3 Nd5 10. Bb5 Nxe3 11. fxe3 e5 12. Nxc6 bxc6 13. Bc4 Bc5 14. e4
O-O-O 15. Nd2 f5 16. Ra5 Bb6 17. Rxe5 Rhe8 18. Rxe8 Rxe8 19. Rf1 Re7 20. Bd3
Be3 21. exf5 Bf4+ 22. Kd1 Bxh2 23. Rh1 Bg3 24. Rxh7 Re1+ 25. Kc2 Rg1 26. Be4
Be5 27. b4 Kc7 28. Kb3 Re1 29. Bd3 Re3 30. Nc4 Rxd3 31. Nxe5 Rg3 32. Nxd7 Kxd7
33. f6 1-0

[Event "FRA-chT2 0910"]
[Site "France"]
[Date "2009.10.18"]
[Round "3.6"]
[White "Reichstein, Hans Joerg"]
[Black "Chagny, Pierre"]
[Result "1-0"]
[WhiteElo "2080"]
[BlackElo "2161"]
[PlyCount "58"]
[EventDate "2009.09.27"]
[EventType "team"]
[EventRounds "11"]
[EventCountry "FRA"]
[Source "ChessBase"]
[SourceDate "2010.03.11"]

1. e4 c5 2. Nf3 e6 3. Nc3 Nc6 4. Bb5 Qc7 5. O-O a6 6. Bxc6 Qxc6 7. d4 cxd4 8.
Nxd4 Qc7 9. Re1 Bd6 10. g3 Bb4 11. Bf4 d6 12. Nde2 Bc5 13. Nc1 Nf6 14. Nb3 e5
15. Bg5 Be6 16. Bxf6 gxf6 17. Nd5 Bxd5 18. Qxd5 Bb6 19. Rad1 Ke7 20. Re2 Rac8
21. c3 h5 22. h4 Rhg8 23. Kg2 Rg4 24. Red2 Rd8 25. Nc1 Qc6 26. f3 Rg7 27. Ne2
Be3 28. Qxc6 bxc6 29. Rd3 Bb6 1-0

[Event "FRA-chT2 0910"]
[Site "France"]
[Date "2009.10.18"]
[Round "3.6"]
[White "Renard, Stephane"]
[Black "Rouze, Xavier"]
[Result "1/2-1/2"]
[WhiteElo "1973"]
[BlackElo "2039"]
[PlyCount "139"]
[EventDate "2009.09.27"]
[EventType "team"]
[EventRounds "11"]
[EventCountry "FRA"]
[Source "ChessBase"]
[SourceDate "2010.03.11"]

1. f4 g6 2. Nf3 Bg7 3. e4 c6 4. d4 d5 5. e5 Nh6 6. Bd3 f6 7. O-O O-O 8. c3 Bg4
9. Nbd2 fxe5 10. fxe5 e6 11. h3 Bf5 12. Qe2 Bxd3 13. Qxd3 Nd7 14. Rf2 Nf5 15.
Nf1 Nh4 16. N1h2 Nxf3+ 17. Nxf3 c5 18. Be3 cxd4 19. cxd4 Qb6 20. Rc1 Rac8 21.
Rfc2 Rc6 22. Rxc6 bxc6 23. Ng5 Re8 24. h4 Nf8 25. Qc3 Rc8 26. b3 h6 27. Nh3 Qd8
28. Qe1 Qe7 29. Nf4 Rc7 30. Qg3 Kh7 31. Bf2 c5 32. Qc3 Qf7 33. g3 Nd7 34. Qc2
Nf8 35. h5 Qe8 36. Kg2 Bh8 37. Be3 Rg7 38. dxc5 Kg8 39. hxg6 Nxg6 40. Nxg6 Rxg6
41. Bd4 Rg4 42. Qd3 Qb8 43. c6 Qc7 44. Bb2 Re4 45. Qf3 Bg7 46. b4 Rxb4 47. Ba3
Re4 48. Bd6 Qa5 49. Rc2 Qa4 50. Qb3 Qa6 51. c7 Re2+ 52. Kh3 Rxc2 53. Qxc2 Qf1+
54. Qg2 Qc4 55. a3 a5 56. Qf3 a4 57. Qf4 Qc2 58. Qf3 Qc1 59. Qf2 Qh1+ 60. Qh2
Qc1 61. Qg2 Qc3 62. Qf2 Qc4 63. Qf4 Qc2 64. Qxa4 Qxa4 65. c8=Q+ Kf7 66. Qb7+
Kg6 67. Qb1+ Kf7 68. Qb7+ Kg6 69. Qb1+ Kf7 70. Qb7+ 1/2-1/2

[Event "FRA-chT2 0910"]
[Site "France"]
[Date "2009.10.18"]
[Round "3.6"]
[White "Tatard, Marie"]
[Black "Brionne, Thierry"]
[Result "0-1"]
[WhiteElo "1885"]
[BlackElo "2152"]
[PlyCount "98"]
[EventDate "2009.09.27"]
[EventType "team"]
[EventRounds "11"]
[EventCountry "FRA"]
[Source "ChessBase"]
[SourceDate "2010.03.11"]

1. e4 g6 2. d4 Bg7 3. Nf3 d6 4. Be2 c6 5. O-O Qc7 6. c4 Nf6 7. Nc3 O-O 8. h3
Nbd7 9. Be3 a6 10. Qc2 e5 11. Rad1 Re8 12. Bd3 Nf8 13. Qc1 Bd7 14. Bc2 b5 15.
b3 exd4 16. Bxd4 c5 17. Bxf6 Bxf6 18. Nd5 Qd8 19. Qf4 Be7 20. Nxe7+ Qxe7 21.
Qxd6 Qxd6 22. Rxd6 bxc4 23. bxc4 Be6 24. Bd3 Red8 25. Rxd8 Rxd8 26. Be2 Rb8 27.
Rd1 Rb2 28. Rd2 Rb1+ 29. Kh2 Rc1 30. Ne5 f6 31. Ng4 Kf7 32. Ne3 Nd7 33. Rc2 Rb1
34. Nd5 Ne5 35. Nf4 Nc6 36. Nxe6 Kxe6 37. Bd3 Nb4 38. Rd2 Ra1 39. f4 Nxa2 40.
Be2 Nb4 41. Bd1 a5 42. h4 a4 43. Kg3 a3 44. Bb3 Rc1 45. Ba2 Rc3+ 46. Kh2 Rc2
47. Rxc2 Nxc2 48. g4 Nb4 49. Bb3 a2 0-1

[Event "FRA-chT2 0910"]
[Site "France"]
[Date "2009.10.18"]
[Round "3.6"]
[White "Vigneron, Jean"]
[Black "Afraoui, Solenn"]
[Result "0-1"]
[WhiteElo "1907"]
[BlackElo "1815"]
[PlyCount "120"]
[EventDate "2009.09.27"]
[EventType "team"]
[EventRounds "11"]
[EventCountry "FRA"]
[Source "ChessBase"]
[SourceDate "2010.03.11"]

1. d4 Nf6 2. Bf4 g6 3. e3 Bg7 4. Nf3 d6 5. h3 O-O 6. Be2 Nbd7 7. O-O c5 8. c3
b6 9. Nbd2 Bb7 10. a4 Re8 11. Qb1 e5 12. Bh2 cxd4 13. cxd4 e4 14. Ne1 d5 15.
Nc2 h6 16. Na3 a6 17. b4 Nh7 18. Rc1 f5 19. Rc7 Bc8 20. Qb3 Ndf8 21. Rac1 Ne6
22. R7c6 f4 23. Bxf4 Nxf4 24. exf4 Nf8 25. Nc2 Bb7 26. Rc3 Ne6 27. g3 Nxd4 28.
Nxd4 Bxd4 29. Rc7 Re7 30. Rxe7 Qxe7 31. Nf1 Kh8 32. Ne3 Rd8 33. Rd1 Qg7 34. Ng4
h5 35. Nh6 Bf6 36. g4 Qxh6 37. g5 Bxg5 38. fxg5 Qxg5+ 39. Kf1 Rf8 40. Qc3+ Qf6
41. Qxf6+ Rxf6 42. Ke1 Kg7 43. Bf1 Kf7 44. Bg2 Ke6 45. Ke2 Bc6 46. a5 Bb5+ 47.
Ke3 bxa5 48. bxa5 Ke5 49. h4 Rc6 50. f4+ exf3 51. Bxf3 Rc3+ 52. Kf2 Rd3 53. Rg1
Kf4 54. Rxg6 Rxf3+ 55. Ke1 Rh3 56. Rg5 Rxh4 57. Rxd5 Rh1+ 58. Kd2 h4 59. Rd4+
Kg3 60. Rb4 Rf1 0-1

[Event "FRA-chT2 0910"]
[Site "France"]
[Date "2009.10.18"]
[Round "3.7"]
[White "Auvray, Simon"]
[Black "Martinez, Jean Philippe"]
[Result "0-1"]
[WhiteElo "2013"]
[BlackElo "2084"]
[PlyCount "70"]
[EventDate "2009.09.27"]
[EventType "team"]
[EventRounds "11"]
[EventCountry "FRA"]
[Source "ChessBase"]
[SourceDate "2010.03.11"]

1. e4 c5 2. Nf3 g6 3. c3 d5 4. exd5 Qxd5 5. d4 Bg7 6. dxc5 Qxc5 7. Be3 Qc7 8.
Na3 a6 9. Nc4 Nd7 10. a4 b6 11. Bd4 Ngf6 12. Nfe5 O-O 13. Nxd7 Nxd7 14. Bxg7
Kxg7 15. Qd4+ Kg8 16. Be2 Bb7 17. O-O Nc5 18. b4 Rad8 19. Qe3 Nd7 20. Rfd1 Rfe8
21. Qg3 Rc8 22. Bg4 Qxg3 23. hxg3 Rxc4 24. Bxd7 Rd8 25. Rac1 Rc7 26. Bg4 Rxd1+
27. Bxd1 Bd5 28. Be2 a5 29. bxa5 bxa5 30. Bb5 Bc4 31. f3 Rc5 32. Rb1 Kg7 33.
Kf2 Kf6 34. Ke3 e5 35. Kd2 Ke6 0-1

[Event "FRA-chT2 0910"]
[Site "France"]
[Date "2009.10.18"]
[Round "3.7"]
[White "Bernard, Luc"]
[Black "Pouplin, Johan"]
[Result "1/2-1/2"]
[WhiteElo "1867"]
[BlackElo "1781"]
[PlyCount "104"]
[EventDate "2009.09.27"]
[EventType "team"]
[EventRounds "11"]
[EventCountry "FRA"]
[Source "ChessBase"]
[SourceDate "2010.03.11"]

1. d4 Nf6 2. c4 g6 3. Nc3 Bg7 4. Bf4 O-O 5. Qd2 d6 6. Bh6 e5 7. Bxg7 Kxg7 8. d5
Nbd7 9. e4 Nc5 10. f3 a5 11. Bd3 Nh5 12. Nge2 Qf6 13. O-O Nf4 14. Nxf4 Qxf4 15.
Qxf4 exf4 16. Bc2 Bd7 17. Ne2 g5 18. Nd4 Rfe8 19. b3 Rab8 20. a3 Na6 21. Bd3 c5
22. Ne2 b5 23. Rfb1 Nc7 24. g3 fxg3 25. hxg3 b4 26. a4 f5 27. Kf2 fxe4 28. Bxe4
Rf8 29. Rh1 h6 30. f4 Rbe8 31. Bd3 Bg4 32. Rag1 Bxe2 33. Bxe2 Rf6 34. Bd3 Kf7
35. Kf3 gxf4 36. gxf4 Rg8 37. Re1 Re8 38. Ref1 Re7 39. Rh5 Ne8 40. Rfh1 Kg7 41.
Bf5 Rc7 42. Be6 Kh7 43. R5h2 Ng7 44. Re2 Rb7 45. Rhe1 Rb8 46. Re4 Rbf8 47. Rf1
Re8 48. Bd7 Rxe4 49. Kxe4 Nh5 50. Rf3 Kg7 51. f5 Rf8 52. Be6 Kf6 1/2-1/2

[Event "FRA-chT2 0910"]
[Site "France"]
[Date "2009.10.18"]
[Round "3.7"]
[White "Borron, Herve"]
[Black "Deschamps, Remi"]
[Result "0-1"]
[WhiteElo "1810"]
[BlackElo "2107"]
[PlyCount "64"]
[EventDate "2009.09.27"]
[EventType "team"]
[EventRounds "11"]
[EventCountry "FRA"]
[Source "ChessBase"]
[SourceDate "2010.03.11"]

1. e4 e6 2. d4 d5 3. e5 c5 4. Nf3 cxd4 5. Nxd4 Nc6 6. Nxc6 bxc6 7. Bd3 Qc7 8.
Bf4 Qb6 9. O-O Qxb2 10. c3 Ne7 11. Nd2 Ng6 12. Bg3 Qxc3 13. Bxg6 hxg6 14. Rc1
Qa5 15. Rxc6 Ba6 16. Qc2 Bxf1 17. Nb3 Bd3 18. Qc1 Qd8 19. Nc5 Bxc5 20. Qxc5 Qe7
21. Rc8+ Rxc8 22. Qxc8+ Qd8 23. Qc6+ Kf8 24. Qc5+ Kg8 25. Qxa7 Qg5 26. h3 Qf5
27. Qa8+ Kh7 28. Qa7 g5 29. a4 Qg6 30. a5 Qe4 31. Qb6 Qc4 32. Kh2 d4 0-1

[Event "FRA-chT2 0910"]
[Site "France"]
[Date "2009.10.18"]
[Round "3.7"]
[White "Bramme, Isabelle"]
[Black "Cwiek, Perrine"]
[Result "1-0"]
[WhiteElo "1983"]
[BlackElo "1824"]
[PlyCount "82"]
[EventDate "2009.09.27"]
[EventType "team"]
[EventRounds "11"]
[EventCountry "FRA"]
[Source "ChessBase"]
[SourceDate "2010.03.11"]

1. e4 e5 2. Nf3 Nc6 3. Bb5 a6 4. Bxc6 dxc6 5. O-O f6 6. d4 exd4 7. Nxd4 Bc5 8.
Qh5+ g6 9. Qxc5 Ne7 10. Bh6 b6 11. Qc3 Qd6 12. Nf3 Rg8 13. e5 fxe5 14. Qxe5
Qxe5 15. Nxe5 Bf5 16. Bg5 Bxc2 17. Bxe7 Kxe7 18. Nxc6+ Kd7 19. Nd4 Be4 20. Nc3
Bb7 21. Rad1 Rae8 22. Rfe1 Kc8 23. Rxe8+ Rxe8 24. f3 Re7 25. Kf2 c5 26. Nde2 b5
27. Ng3 b4 28. Nce4 Rc7 29. Nd6+ Kb8 30. Nxb7 Kxb7 31. Ne4 c4 32. Nd6+ Kb6 33.
Rc1 c3 34. bxc3 Rxc3 35. Rxc3 bxc3 36. Ke2 Kc5 37. Ne4+ Kc4 38. Kd1 a5 39. Kc2
Kd4 40. h4 h6 41. Nf6 g5 1-0

[Event "FRA-chT2 0910"]
[Site "France"]
[Date "2009.10.18"]
[Round "3.7"]
[White "Deschler, Fabrice"]
[Black "Busche, Stefan"]
[Result "0-1"]
[WhiteElo "2135"]
[BlackElo "2073"]
[PlyCount "78"]
[EventDate "2009.09.27"]
[EventType "team"]
[EventRounds "11"]
[EventCountry "FRA"]
[Source "ChessBase"]
[SourceDate "2010.03.11"]

1. Nf3 Nf6 2. c4 c6 3. d4 d5 4. Qc2 g6 5. e3 Bf5 6. Qb3 Qb6 7. Nbd2 Nbd7 8. h3
h6 9. Be2 Bg7 10. O-O O-O 11. g4 Be6 12. Qxb6 axb6 13. b3 Ra7 14. Bb2 Rfa8 15.
a4 dxc4 16. Nxc4 Nd5 17. Nfd2 c5 18. Na3 cxd4 19. Bxd4 Bxd4 20. exd4 Nf4 21.
Bf3 Nxh3+ 22. Kg2 Ng5 23. d5 Nxf3 24. dxe6 Nxd2 25. exd7 Nxb3 26. Nc4 Rd8 27.
Ra3 b5 28. Ne5 bxa4 29. Rb1 Ra6 30. Rd1 Rd6 31. Rh1 b5 32. Rxh6 Kg7 33. g5 Rd5
34. f4 Rxe5 35. fxe5 Rxd7 36. Ra2 Rd2+ 37. Rxd2 Nxd2 38. Kf2 a3 39. Ke2 a2 0-1

[Event "FRA-chT2 0910"]
[Site "France"]
[Date "2009.10.18"]
[Round "3.7"]
[White "Faby, Fabrice"]
[Black "Bellahcene, Rayane"]
[Result "1/2-1/2"]
[WhiteElo "2160"]
[BlackElo "1790"]
[PlyCount "179"]
[EventDate "2009.09.27"]
[EventType "team"]
[EventRounds "11"]
[EventCountry "FRA"]
[Source "ChessBase"]
[SourceDate "2010.03.11"]

1. c4 Nf6 2. g3 e6 3. Bg2 Be7 4. Nc3 O-O 5. e4 d6 6. Nge2 c5 7. O-O Nc6 8. f4
a6 9. h3 Ne8 10. f5 Ne5 11. d3 b5 12. Bf4 b4 13. Na4 Rb8 14. Rc1 Nc6 15. Be3
Bg5 16. Qd2 Bxe3+ 17. Qxe3 e5 18. b3 Qe7 19. g4 h6 20. Qg3 Rb7 21. h4 g5 22.
Qe3 f6 23. Kf2 Qg7 24. Rh1 Qh8 25. Rh3 Rh7 26. Rch1 Rff7 27. Nb6 Bb7 28. Ng3
Nd4 29. Nd5 Bxd5 30. exd5 Kf8 31. Ne4 Ke7 32. Bf3 Rfg7 33. Bd1 Kf7 34. Ke1 Ke7
35. Qd2 Kf7 36. Qh2 Kg8 37. Kd2 Re7 38. Kc1 Reg7 39. Qd2 Kf7 40. Kb1 Kf8 41.
Qe3 Ke7 42. R1h2 Kf8 43. Ng3 Re7 44. Nh5 Ref7 45. Bf3 a5 46. Bd1 Re7 47. Qe1
Ref7 48. Qh1 Kg8 49. Kb2 Rb7 50. Ng3 Rbe7 51. Ne4 Rc7 52. Re3 Rce7 53. Ng3 Ng7
54. Re4 Ne8 55. Nh5 Ref7 56. Qe1 Ng7 57. Ng3 Ne8 58. Rxd4 cxd4 59. h5 Rc7 60.
Ne4 Qg7 61. Re2 Qd7 62. Nd2 Rc8 63. Nf3 Nc7 64. Re4 Na6 65. Bc2 Nc5 66. Re2 Kf8
67. Nd2 a4 68. Ne4 Nxe4 69. Rxe4 axb3 70. Bxb3 Rb8 71. Qc1 Qa7 72. Kb1 Rc7 73.
Qb2 Ke7 74. Re2 Kd7 75. Re4 Re8 76. Qd2 Rb8 77. Qb2 Rc5 78. Qc2 Ra8 79. Qb2 Qa3
80. Re2 Qxb2+ 81. Kxb2 Kc7 82. Kb1 Kb6 83. Kb2 Rca5 84. Kb1 Re8 85. Re4 Kc5 86.
Kb2 Rea8 87. Kb1 Ra3 88. Kb2 R3a5 89. Kb1 Ra3 90. Kb2 1/2-1/2

[Event "FRA-chT2 0910"]
[Site "France"]
[Date "2009.10.18"]
[Round "3.7"]
[White "Giry, Jean Marc"]
[Black "Juglard, Eric"]
[Result "0-1"]
[WhiteElo "2009"]
[BlackElo "2119"]
[PlyCount "152"]
[EventDate "2009.09.27"]
[EventType "team"]
[EventRounds "11"]
[EventCountry "FRA"]
[Source "ChessBase"]
[SourceDate "2010.03.11"]

1. c4 e5 2. g3 Nf6 3. Bg2 c6 4. d4 e4 5. Nc3 d5 6. f3 exf3 7. Nxf3 Bb4 8. Qb3
Na6 9. O-O dxc4 10. Qxc4 Be6 11. Qd3 Be7 12. Ne5 Nb4 13. Qd1 Qb6 14. a3 Nbd5
15. e4 Nc7 16. b4 Nb5 17. Nxb5 Qxb5 18. Qc2 Rd8 19. Bb2 O-O 20. Rad1 Ng4 21.
Nxg4 Bxg4 22. Rd3 Qh5 23. Bf3 Bf6 24. Bxg4 Qxg4 25. e5 Bg5 26. Rdf3 Rd5 27. Qf2
Qe6 28. Kg2 Rd7 29. h4 Bh6 30. Kh2 b6 31. Qg2 Qg4 32. Qh3 Qxh3+ 33. Kxh3 g6 34.
g4 Rc8 35. g5 Bf8 36. Rd1 Re8 37. Rc1 Re6 38. Rf2 a5 39. bxa5 bxa5 40. Rfc2 Rb7
41. Rg1 Rb6 42. Rg3 Re8 43. Rf3 Reb8 44. Bc1 a4 45. Kg4 Rd8 46. Rc4 Ra6 47.
Rfc3 Ra5 48. Be3 Rc8 49. Kf3 Be7 50. Bc1 Kf8 51. Rxc6 Rxc6 52. Rxc6 Rb5 53. Rc3
Ke8 54. Ke4 Kd7 55. Rc4 Rb1 56. d5 Bd8 57. Bd2 Rh1 58. Rxa4 Rxh4+ 59. Bf4 Bxg5
60. Kf3 Bxf4 61. Rxf4 Rh3+ 62. Ke4 Ke8 63. Rf3 Rh4+ 64. Ke3 Ra4 65. Kd2 h5 66.
Re3 h4 67. Ke2 g5 68. Kf3 g4+ 69. Kg2 Rd4 70. e6 Rd2+ 71. Kg1 Rxd5 72. exf7+
Kxf7 73. Re4 Rd1+ 74. Kg2 h3+ 75. Kh2 Rd2+ 76. Kg3 Rg2+ 0-1

[Event "FRA-chT2 0910"]
[Site "France"]
[Date "2009.10.18"]
[Round "3.7"]
[White "Guerlach, Frederic"]
[Black "Ernouf, Anthony"]
[Result "0-1"]
[WhiteElo "2078"]
[BlackElo "1882"]
[PlyCount "78"]
[EventDate "2009.09.27"]
[EventType "team"]
[EventRounds "11"]
[EventCountry "FRA"]
[Source "ChessBase"]
[SourceDate "2010.03.11"]

1. Nf3 Nf6 2. c4 g6 3. d4 Bg7 4. Nc3 d6 5. e4 O-O 6. h3 e5 7. d5 Nbd7 8. Bg5 h6
9. Be3 Re8 10. g4 Nf8 11. Rg1 g5 12. c5 c6 13. dxc6 d5 14. Bb5 d4 15. cxb7 Bxb7
16. c6 Bc8 17. c7 Qe7 18. Bxe8 Qxe8 19. Bd2 dxc3 20. Bxc3 Nxe4 21. Qd5 Nxc3 22.
Qxa8 e4 23. Nd2 e3 24. bxc3 Bxc3 25. O-O-O exd2+ 26. Rxd2 Bxd2+ 27. Kxd2 Qd7+
28. Ke3 Qxc7 29. Qd5 Qf4+ 30. Ke2 Ba6+ 31. Ke1 Ne6 32. Rg3 Nd4 33. Rc3 Kg7 34.
a3 Qf6 35. Qe4 Ne6 36. Qe3 Nf4 37. Qc5 Nd3+ 38. Rxd3 Bxd3 39. Qxa7 Qc3+ 0-1

[Event "FRA-chT2 0910"]
[Site "France"]
[Date "2009.10.18"]
[Round "3.7"]
[White "Hubert, Raphael"]
[Black "Villeseche, Yoann"]
[Result "1-0"]
[WhiteElo "2006"]
[BlackElo "1934"]
[PlyCount "95"]
[EventDate "2009.09.27"]
[EventType "team"]
[EventRounds "11"]
[EventCountry "FRA"]
[Source "ChessBase"]
[SourceDate "2010.03.11"]

1. e4 c6 2. d4 d5 3. e5 Bf5 4. Nf3 e6 5. Nc3 Nd7 6. Bd3 Bxd3 7. Qxd3 Ne7 8. Ne2
Qc7 9. Nf4 Qa5+ 10. c3 Qb5 11. Qd2 Nf5 12. a4 Qa6 13. Ng5 g6 14. h4 h6 15. Nxg6
Rg8 16. Nxf8 Nxf8 17. g4 hxg5 18. gxf5 gxh4 19. Qe2 Qb6 20. Bh6 O-O-O 21. Bxf8
Rdxf8 22. b4 Rg5 23. fxe6 fxe6 24. O-O-O Rgf5 25. a5 Qb5 26. Qxb5 cxb5 27. Rd2
Rxf2 28. Rxf2 Rxf2 29. Rxh4 Rf7 30. Kd2 a6 31. Ke3 Kc7 32. Rh8 Rg7 33. Kf4 Kd7
34. Rf8 Kc7 35. Rf6 Kd7 36. Rh6 Ke7 37. Rh5 Kd7 38. Rg5 Rf7+ 39. Kg4 Rh7 40.
Rg6 Ke7 41. Kg5 Rf7 42. Kh6 Rf3 43. Rg7+ Kd8 44. Kg6 Rxc3 45. Kf6 Rc4 46. Kxe6
Rxd4 47. Kd6 Ke8 48. e6 1-0

[Event "FRA-chT2 0910"]
[Site "France"]
[Date "2009.10.18"]
[Round "3.7"]
[White "L'Hermitte, Emmanuel"]
[Black "Mostaghacy, Babak"]
[Result "1-0"]
[WhiteElo "2044"]
[BlackElo "1760"]
[PlyCount "91"]
[EventDate "2009.09.27"]
[EventType "team"]
[EventRounds "11"]
[EventCountry "FRA"]
[Source "ChessBase"]
[SourceDate "2010.03.11"]

1. d4 d5 2. c4 e6 3. Nc3 Bb4 4. Nf3 Nc6 5. Bg5 Nf6 6. e3 O-O 7. Bd3 h6 8. Bh4
Be7 9. Rc1 Ne8 10. Bxe7 Nxe7 11. Ne5 dxc4 12. Bxc4 f6 13. Nf3 Nd5 14. O-O c6
15. Qe2 Nd6 16. Bd3 Qe7 17. Bb1 e5 18. Nxd5 cxd5 19. dxe5 fxe5 20. Rfd1 Be6 21.
Nxe5 Qg5 22. f4 Qd8 23. Qd3 Ne4 24. Qd4 Nd6 25. Nc6 Rf6 26. Qe5 Qd7 27. Rxd5
Bxd5 28. Ne7+ Kf8 29. Nxd5 Re6 30. Qd4 Nb5 31. Qc5+ Rd6 32. a4 b6 33. Qb4 a5
34. Nxb6 axb4 35. Nxd7+ Rxd7 36. axb5 Raa7 37. Kf2 Rd2+ 38. Kf3 Rxb2 39. b6 Ra6
40. b7 Rb6 41. Rc8+ Ke7 42. Be4 b3 43. b8=Q Rxb8 44. Rxb8 Kd6 45. h4 Kc5 46.
Rb7 1-0

[Event "FRA-chT2 0910"]
[Site "France"]
[Date "2009.10.18"]
[Round "3.7"]
[White "Marin, Frederic Vincent"]
[Black "Bogratchew, Albert"]
[Result "0-1"]
[WhiteElo "2071"]
[BlackElo "1779"]
[PlyCount "59"]
[EventDate "2009.09.27"]
[EventType "team"]
[EventRounds "11"]
[EventCountry "FRA"]
[Source "ChessBase"]
[SourceDate "2010.03.11"]

1. d4 d5 2. c4 e6 3. Nf3 Nf6 4. Nc3 Be7 5. g3 O-O 6. Bg2 c6 7. O-O Nbd7 8. a4
a5 9. c5 b6 10. cxb6 Qxb6 11. Qc2 Ba6 12. Re1 Rac8 13. Bd2 c5 14. e3 cxd4 15.
Nxd4 Nc5 16. Bf1 Bxf1 17. Rxf1 Nce4 18. Rfc1 Bb4 19. Be1 Rfd8 20. Qe2 Nd6 21.
Ncb5 Bxe1 22. Rxe1 e5 23. Nxd6 Rxd6 24. Nf5 Rd7 25. Rac1 Qd8 26. Qa6 Ra8 27.
Qc6 g6 28. Nh4 Rb8 29. Qc3 Qb6 30. Qxe5 0-1